000 00224 a2200097 4500
001 6792
100 _aGilreath
245 _aFundamentals concepts of Inorganic Chemsitry
260 _a
_bMc Graw Hill
_c
090 _c5614
_d5614
942 _aNUST-CAE
_cM
_c32061
999 _c241865
_d241865